| 000 | 00894nam a2200313 a 4500 | ||
|---|---|---|---|
| 001 | Z_4654 | ||
| 003 | CHAP | ||
| 005 | 20230427100824.0 | ||
| 007 | ta | ||
| 008 | 220113s2000 ne ad fr 001 0 eng d | ||
| 010 | _a167729 | ||
| 020 | _a9-07-41347-85 | ||
| 040 |
_cCHAP _aZ |
||
| 082 | _a636.085 M68 | ||
| 245 | 0 | 0 |
_aFeed evaluation: _bprinciples and practice / _ceditores P. J. Moughan, M.W.A. Verstegen y M. I. Visser-Reyneveld |
| 260 |
_aPaíses Bajos: _bWageningen Pers, _c2000 |
||
| 300 | _a285 p. | ||
| 503 | _aEj.1: 216825 | ||
| 650 | _aNutrición animal | ||
| 650 | 7 |
_94326 _aAlimentos y alimentación del ganado |
|
| 700 | 1 |
_9141996 _aMoughan, P. J. _eeditor |
|
| 700 | 1 |
_9118963 _aVerstegen, M. W. A. _eeditor |
|
| 700 | 1 |
_9186837 _aVisser-Reyneveld, M. I. _eeditor |
|
| 901 | _a636.085 M68 | ||
| 902 | _aA | ||
| 910 | _a2000 | ||
| 942 |
_cLIBRO _2ddc |
||
| 942 | _2ddc | ||
| 999 |
_c167729 _d167729 |
||